Normal view
MARC view
Entry Uniform Title
001 - CONTROL NUMBER
- control field: 53816
003 - CONTROL NUMBER IDENTIFIER
- control field: dpl
005 - DATE AND TIME OF LATEST TRANSACTION
- control field: 20121126160150.0
008 - FIXED-LENGTH DATA ELEMENTS
- fixed length control field: 121126|||a|||||| | ||| d
040 ## - CATALOGING SOURCE
- Original cataloging agency: dpl
- Transcribing agency: dpl
130 ## - HEADING--UNIFORM TITLE
- Uniform title: मण्टो अब तक-13
670 ## - SOURCE DATA FOUND
- Source citation: Work cat.: (dpl)71355: 23632 मण्टो, सआदत हसन, फ़ोजा हराम दा /, 2012
670 ## - SOURCE DATA FOUND
- Source citation: Work cat.: (dpl)71355: 23632 मण्टो, सआदत हसन, फ़ोजा हराम दा /, 2012
